Un altro pianeta /

Guardat en:
Dades bibliogràfiques
Autor principal: Maddaloni, Francesco (Compositor)
Altres autors: Tummolini, Stefano (Director), Mascino, Lucia (Actor), Merone, Antonio (attore) (Actor), Grifoni, Francesco (attore) (Actor)
Format: Diapositiva
Idioma:italià
Publicat: [Roma] : Ripley's Home Video, c2009
Etiquetes: Afegir etiqueta
Sense etiquetes, Sigues el primer a etiquetar aquest registre!

MARC

LEADER 00000ngm a22000007i 4500
001 IT\ICCU\UBO\3747996
003 ItRI
005 20260124182909.0
008 100119s2009 it |||||||||||||||k|||||c
024 3 1 |a 8032134050974 
028 4 2 |a 05097 
040 |b ita 
041 7 |a ita  |2 ISO-639-2 
082 |a 791.43  |9 CINEMA  |2 21 
130 3 |a Un altro pianeta <film ; 2008>  |3 IT\ICCU\MOD\1563713 
245 0 3 |a Un altro pianeta /  |c un film di Stefano Tummolini ; musiche originali: Francesco Maddaloni ; soggetto e sceneggiatura: Stefano Tummolini. 
260 |a [Roma] :  |b Ripley's Home Video,  |c c2009 
300 |a 1 DVD video (circa 82 min) :  |b sonoro, color ;  |c 12 cm 
500 |a Codice area: 0; formato video: 16/9, 1.77:1; audio: Dolby Digital 5.1 
500 |a DVD 5, singolo strato 
500 |a Descrizione basata sul contenitore 
500 |a Produzione cinematografica: Italia, 2008 
500 |a Intepreti: Antonio Merone, Lucia Mascino, Francesco Grifoni 
500 |a Lingua: italiano; sottotitoli: italiano per non udenti, inglese, francese 
500 |a Contenuti extra: trailer cinematografico, spot TV 30'', spot tv 15'', intervista a Stefano Tummolini e Antonio Merone. 
500 |a Anche sceneggiatore  |0 IT\ICCU\LO1V\149735 
700 1 |a Tummolini, Stefano  |0 IT\ICCU\LO1V\149735  |4 drt 
700 1 |a Maddaloni, Francesco  |0 IT\ICCU\MODV\641300  |4 cmp 
700 1 |a Mascino, Lucia  |0 IT\ICCU\MODV\641301  |4 act 
700 1 |a Merone, Antonio  |c  (attore)  |0 IT\ICCU\PUVV\426496  |4 act 
700 1 |a Grifoni, Francesco  |c  (attore)  |0 IT\ICCU\UBOV\383808  |4 act 
942 |2 ddc  |c VM  |n 0 
952 |0 0  |1 0  |4 0  |6 VO_2163_000000000000000  |7 0  |9 27733  |a BO  |b BO  |d 2026-01-24  |i 17638  |l 0  |o VO 2163  |p BO17638  |r 2026-01-24 18:29:09  |w 2026-01-24  |x [Sebina 5] [1 dvd]  |y VM  |z 1 dvd 
999 |c 23506  |d 23506